[Event "IECC M email"]
[Site "IECC email"]
[Date "2002.06.30"]
[Round "?"]
[White "Newman, Nelson"]
[Black "Koolsbergen, Nico"]
[Result "1-0"]
[WhiteElo "1867"]
[BlackElo "1903"]
[PlyCount "55"]
[EventDate "2002.??.??"]
[EventType "tourn (corr)"]
[EventRounds "6"]
[SourceTitle "Corr 2008"]
[Source "ChessBase"]
[SourceDate "2008.06.24"]
[SourceVersion "1"]
[SourceVersionDate "2008.06.24"]
[SourceQuality "1"]

1. c4 f5 2. g3 Nf6 3. Bg2 e5 4. Nc3 d6 5. e3 c6 6. Nge2 Be6 7. d3 Be7 8. 0-0 0-0 9. b3 d5 10. Bb2 Nbd7 11. Qd2 dxc4 12. bxc4 Nb6 13. Rfd1 Qd7 14. Qc2 Qc7 15. a4 Rad8 16. a5 Nbd7 17. a6 b5 18. cxb5 cxb5 19. d4 b4 20. dxe5 Nxe5 21. Nd4 Rxd4 22. exd4 Nf7 23. d5 Bc8 24. Rdc1 bxc3 25. Qxc3 Qb6 26. Qd4 Qb8 27. Rcb1 Bxa6 28. Rxa6 1-0

[Event "IECC KO email"]
[Site "IECC email"]
[Date "2002.06.20"]
[Round "?"]
[White "Fillis, David"]
[Black "Newman, Nelson"]
[Result "0-1"]
[WhiteElo "1610"]
[BlackElo "1868"]
[PlyCount "90"]
[EventDate "2002.??.??"]
[EventType "tourn (corr)"]
[EventRounds "6"]
[SourceTitle "Corr 2008"]
[Source "ChessBase"]
[SourceDate "2008.06.24"]
[SourceVersion "1"]
[SourceVersionDate "2008.06.24"]
[SourceQuality "1"]

1. d4 d5 2. c4 e6 3. Nc3 c5 4. cxd5 exd5 5. Nf3 Nc6 6. g3 Nf6 7. Bg2 Be7 8. 0-0 0-0 9. Bg5 cxd4 10. Nxd4 Re8 11. Qa4 Bd7 12. e3 Ne4 13. Bxe7 Nxe7 14. Qa3 Nxc3 15. Qxc3 Rc8 16. Qb3 Qc7 17. Bxd5 Nxd5 18. Qxd5 Re5 19. Qf3 Rc5 20. Rfd1 Ba4 21. b3 Bd7 22. Kg2 b5 23. Rd2 a5 24. Rb1 b4 25. Rbb2 h6 26. Qe2 Bc6+ 27. f3 Re8 28. Rbc2 Bb7 29. Rxc5 Qxc5 30. Qd3 Rd8 31. e4 Qc3 32. Kf2 Ba6 33. Qe3 Qa1 34. g4 Qc3 35. f4 Qc1 36. Nf3 Re8 37. e5 Bb7 38. Qd3 Rc8 39. Qe3 Qh1 40. Kg3 Bxf3 41. Qxf3 Qe1+ 42. Qf2 Rc3+ 43. Kh4 g5+ 44. fxg5 hxg5+ 45. Kxg5 Qxe5+ 0-1